Anl̀isis de 25 aǫs de aplicacin̤ de la ley 80 de 1993

Detalles Bibliográficos
Autor principal: De Vivero Arciniegas, Felipe
Formato: eBook
Lenguaje:español
Publicado: Bogot:̀ Universidad de Los Andes (Colombia), 2020
Materias:
Acceso en línea:Acceso restringido

MARC

LEADER 00000nam a22000007a 4500
005 20211005224811.0
007 cr|||| ||||
008 211005s2020 co |||||s|||| 00||0 spa d
020 |a 978-958-798-023-3 
035 |a 35206 
040 |a vLex 
090 |c 12498  |d 12498 
100 1 |a De Vivero Arciniegas, Felipe 
245 1 0 |a Anl̀isis de 25 aǫs de aplicacin̤ de la ley 80 de 1993  |h [Recurso electrn̤ico] /  |c Felipe De Vivero Arciniegas 
256 |a Servicio en ln̕ea 
260 |a Bogot:̀  |b Universidad de Los Andes (Colombia),  |c 2020 
300 |a 1 recurso electrn̤ico 
506 1 |a Disponible solo en los productos indicados  |d vLex Global  |d vLex Global (Academic Edition, excluding Law Schools)  |d vLex Global (U.S. Academic Edition, Law Schools)  |d vLex Global (U.S. Academic Edition, excluding Law Schools)  |d vLex Global (Academic Edition, Law Schools) 
650 0 4 |a Derecho Constitucional  |z Colombia 
740 0 |a vLex Libros (Servicio en ln̕ea) 
856 4 0 |u https://app.vlex.com/#/sources/35206  |z Acceso restringido 
942 |c BOOK 
999 0 |a Constitutional right